LEADER 01088nam0-2200313---450- 001 990009619830403321 005 20120914102342.0 010 $a88-14-17338-9 035 $a000961983 035 $aFED01000961983 035 $a(Aleph)000961983FED01 035 $a000961983 100 $a20120914d2012----km-y0itay50------ba 101 0 $aita 105 $a--------101yy 200 1 $aFederalismo,riforme della contabilità e dei sistemi di controllo$el'impatto sugli equilibri di bilancio e sull'efficacia dell'operato della amministrzione pubblica$fa cura di Salvatore Cinciminoe Antonio Sorci 210 $aMilano$cGiuffrè$d2012 215 $aXXV, 310 p.$d23 cm 300 $acontiene gli atti di un convegno tenutosi ad Enna il 26 novembre 2009 676 $a336.014 702 1$aCincimino,$bSalvatore 702 1$aSorci,$bAntonio 801 0$aIT$bUNINA$gRICA$2UNIMARC 901 $aBK 912 $a990009619830403321 952 $aECFP24A$b20680$fDECBC 959 $aDECBC 996 $aFederalismo,riforme della contabilità e dei sistemi di controllo$9849485 997 $aUNINA LEADER 01131nam2-2200385---450- 001 990003121980203316 005 20080930093708.0 010 $a3-540-40470-8 035 $a000312198 035 $aUSA01000312198 035 $a(ALEPH)000312198USA01 035 $a000312198 100 $a20080626d2003----km-y0itay50------ba 101 $aeng 102 $aDE 105 $aa---||||001yy 200 1 $aGalaxies and chaos$fG. Contopoulos, N. Voglis (Eds.) 210 $aBerlin [etc.]$cSpringer$dcopyr. 2003 215 $aXV, 441 p.$cill.$d24 cm 225 2 $aLecture notes in physics$v626 410 0$12001$aLecture notes in physics 461 1$1001000315105$12001$aLecture notes in physics 606 0 $aUniverso$xOrigine ed evoluzione 676 $a523.112 702 1$aCONTOPOULOS,$bG. 702 1$aVOGLIS,$bN. 801 0$aIT$bsalbc$gISBD 912 $a990003121980203316 951 $a530 LNP 626$b30986/CBS$c530$d00114488 959 $aBK 969 $aSCI 979 $aCBAS$b10$c20080626$lUSA01$h0813 979 $aANGELA$b90$c20080930$lUSA01$h0937 996 $aGalaxies and chaos$9473428 997 $aUNISA LEADER 01200nas 2200421- 450 001 9910231757103321 005 20250917110055.0 011 $a2452-3100 035 $a(OCoLC)980298981 035 $a(CKB)3710000000981994 035 $a(CONSER)--2018243014 035 $a(DE-599)ZDB2879721-8 035 $a(DE-599)2879721-8 035 $a(EXLCZ)993710000000981994 100 $a20170323a20179999 o-- - 101 0 $aeng 135 $aur||||||||||| 181 $ctxt$2rdacontent 182 $cc$2rdamedia 183 $acr$2rdacarrier 200 00$aCurrent opinion in systems biology 210 1$a[London] :$cElsevier Ltd.,$d[2017]- 215 $a1 online resource 300 $aRefereed/Peer-reviewed 517 1 $aSystems biology 531 10$aCurr Opin Syst Biol 606 $aSystems biology$vPeriodicals 606 $aSystems biology$2fast$3(OCoLC)fst01745552 606 $aSystems Biology 608 $aPeriodicals.$2fast 608 $aPeriodical. 615 0$aSystems biology 615 7$aSystems biology. 615 12$aSystems Biology. 906 $aJOURNAL 912 $a9910231757103321 996 $aCurrent opinion in systems biology$91899267 997 $aUNINA